000
00350nam a2200121Ia 4500
008
180126s9999||||xx |||||||||||||| ||und||
020
_c
NT330
_a
978-986-320-748-1
100
_a
韓沁林
245
0
_c
韓沁林
_a
大腦快樂工程:發現內在的寶石,像佛陀一樣知足
250
_a
一版
260
_c
2015.06
_a
台北市
300
_c
cm.
_a
p.
942
_2
ccl
_c
BOOK
999
_c
116
_d
116